000 00686nam a2200229 4500
003 OSt
005 20240730063741.0
006 a
008 240730b |||||||| |||| 00| 0 eng d
020 _a97871289214
040 _aDWCL-Main lib.
_cOC
082 _aCirc. 658.11 B993t 2011
100 _aByers, Thomas H.
245 _aTechnology ventures : from idea to enterprise /
260 _aN.Y. :
_bMcGraw-Hill,
_cc2011.
300 _axix,
_b680 p. : ill. ;
_c24 cm.
504 _aIncludes bibliographical reference & index.
650 _a1. Information technology.
650 _a2. Entrepreneurship.
650 _a3. New business enterprises.
942 _2ddc
_n0
_cBK-CIRC
_kCirc.
999 _c2969
_d2969